[Event "Corus Chess A 2008"]
[Site "Wijk aan Zee"]
[Date "2008.01.22"]
[Round "9"]
[White "Adams, Michael"]
[Black "Van Wely, Loek"]
[Result "1-0"]
[WhiteElo "2726"]
[BlackElo "2681"]
[Annotator "Âèðøè÷ Âàñèëèé"]
[PlyCount "93"]
[EventDate "2008.01.22"]

1. e4 c5 2. Nf3 d6 3. d4 cxd4 4. Nxd4 Nf6 5. Nc3 a6 6. Bc4 {
Ñåé÷àñ äîâîëüíî ðåäêèé õîä.} e6 7. Bb3 b5 8. O-O Be7 (8... b4 $6 {- 62/(279)}
9. Na4 Nxe4 10. Re1 Bb7 11. f3) 9. Qf3 ({Ñàì ÿ èãðàþ äðóãóþ ðàçíîâèäíîñòü:} 
9. f4 O-O 10. Be3 (10. e5 $5 dxe5 11. fxe5 Nfd7 12. Be3) 10... Bb7 11. e5 dxe5
12. fxe5 Nfd7 13. Qh5 {è ÷åðíûì íåñëàäêî} ({Èëè äàæå} 13. Rxf7 $5)) 9... Qc7
10. Qg3 O-O 11. Bh6 Ne8 12. Kh1 {Ðåäêèé õîä} (12. Rfe1 $6 {Boensch} Bd7 13. a4
b4 14. Nce2 Kh8 15. Bg5 Bxg5 16. Qxg5 Nf6 17. Ng3 Nc6 18. Nxc6 Bxc6 19. Rad1
Rad8 $10 {Kasparov,G - Gelfand,B Paris Immopar (4f/1) 25min 1991 1-0 36}) ({
Îñíîâíîå ïðîäîëæåíèå} 12. Rad1) 12... Kh8 (12... Bd7 $145) 13. Bg5 Bxg5 14.
Qxg5 Nf6 15. f3 Bd7 $146 {Îáû÷íî â Íàéäîðôå ñëîíà âûâîäÿò íà áîëüøóþ
äèàãîíàëü (Bb7), îäíàêî â äàííîì ñëó÷àå ýòîìó ñëîíó íóæíî ïðèñìàòðèâàòü çà
ïóíêòîì å6, íà êîòîðîì ïðè ëþáîì óäîáíîì ñëó÷àå ãîòîâà ïðèíåñòè ñåáÿ â
æåðòâó îäíà èç áåëûõ ôèãóð.} ({Â ïàðòèè ìåíåå îïûòíûõ ïðîòèâíèêîâ âñòðåòèëîñü} 
15... Qc5 16. Qd2 Nbd7 17. Bxe6 $1 {
Âîò âàì, ïîæàëóéñòà, òî, î ÷åì ãîâîðèëîñü âûøå.} fxe6 18. Nxe6 Qe5 19. Nxf8 Nxf8
20. Rad1 Ne8 21. f4 Qc5 22. e5 $1 dxe5 23. Ne4 Qe7 24. fxe5 Ng6 25. Nd6 Be6 26.
Qd4 Nc7 27. b3 Kg8 28. c4 Qg5 29. Ne4 Qh4 30. Qd6 Qxe4 31. Qxc7 h6 32. Rde1 Qg4
33. h3 Qg3 34. Qc6 Rf8 35. Qxe6+ Kh7 36. Qg4 Qc3 37. Qe4 Qxe5 38. Rxf8 {
1-0 Sardy,P (2237)-Joo,G (2110)/Hungary 2001/EXT 2004}) 16. Rfd1 Nc6 17. Nxc6
Bxc6 18. a3 Rab8 19. Rd4 Rfc8 20. Rad1 {
Áåëûå íàâàëèâàþòñÿ íà «òðàäèöèîííóþ» ñëàáîñòü d6...} h6 21. Qd2 Ne8 22. Ne2
a5 23. c3 {...è ïðåäóïðåæäàþò âîçìîæíóþ êîíòðèãðó ÷åðíûõ.} Nf6 24. Qe3 Rd8
25. Ng3 Rd7 26. h3 Qa7 27. Qe1 {Ïîçèöèÿ äèíàìè÷åñêîãî ðàâíîâåñèÿ.} ({
Íå ïðèíîñèò æåëàåìîãî} 27. e5 dxe5 28. Qxe5 Qc7 29. Qxc7 Rxc7 30. Kg1 $13)
27... Rbd8 28. R4d2 Qc5 29. Ne2 Qe5 30. Rd4 g5 ({Íå ñëèøêîì óäà÷íî} 30... d5 {
èç-çà} 31. f4 $1 Qc7 32. e5 Ne4 33. Bc2 $14) 31. c4 bxc4 32. Bxc4 Nh5 $6 {
Íåòîðîïëèâàÿ èãðà Ìèêêè ñïðîâîöèðîâàëà àêòèâíîãî Ëþêà èñêàòü ïðîäîëæåíèÿ íà
ïåðåõâàò. Îäíàêî, ó ÷åðíûõ íåò íà òî îñíîâàíèé.} ({Òîðîïèòüñÿ íå ñëåäîâàëî} 
32... Rb8 33. Qc3 Rc7 {ñ ïðèìåðíûì ðàâåíñòâîì}) 33. Qc3 Bb7 34. Bb5 Rc8 (34...
Qxb5 $4 35. Rd5+) 35. Qxa5 Rc2 36. R4d2 Rdc7 37. Qb4 (37. Qb6 $5) 37... Kg7 38.
Qd4 Kf6 39. Kg1 d5 40. exd5 Bxd5 41. Qxe5+ Kxe5 42. Nc3 Rxd2 43. Rxd2 {
Äàëüíåéøåå ïðîñòî. Ïðîèãðûâàòü òàê áûñòðî áûëî íå îáÿçàòåëüíî, íî ïàðòèþ â
ëþáîì ñëó÷àå íå ñïàñòè.} Nf4 44. g3 Nxh3+ 45. Kh2 g4 46. f4+ Kd6 47. Be2 {
Âîò òàêàÿ âîò ïðîñòàÿ ïàðòèÿ. Àäàìñ ñäåëàë âèä, ÷òî ïîòåðÿë íèòü  ïîçèöèè, è
îòâàæíûé Ëþê ïîïûòàëñÿ íåñêîëüêèìè àãðåññèâíûìè õîäàìè ïåðåõâàòèòü èíèöèàòèâó.
×åãî, ñîáñòâåííî, òîëüêî è æäàë åãî õèòðîóìíûé ïðîòèâíèê.} 1-0

[Event "Corus Chess À 2008"]
[Site "Wijk aan Zee"]
[Date "2008.01.22"]
[Round "9"]
[White "Polgar, Judit"]
[Black "Radjabov, Teimour"]
[Result "1/2-1/2"]
[WhiteElo "2707"]
[BlackElo "2735"]
[Annotator "Ëåáåäåâ Âàñèëèé"]
[PlyCount "46"]
[EventDate "2008.01.22"]

{Âåñüìà çàáàâíîé ïîëó÷èëàñü ñëåäóþùàÿ, õîòü áûñòðî íè÷åéíàÿ, íî, ïî-ìîåìó,
âñ¸ æå èíòåðåñíàÿ ïàðòèÿ.} 1. e4 e5 2. Nf3 Nc6 3. Bb5 f5 {Èøü òû! ßíèø!} 4. Nc3
fxe4 5. Nxe4 Nf6 6. Qe2 d5 7. Nxf6+ gxf6 8. d4 Bg7 9. dxe5 O-O 10. e6 Ne5 11.
O-O Bxe6 12. Nd4 Bg4 13. f3 Bc8 14. f4 c6 15. fxe5 fxe5 16. Rxf8+ Qxf8 17. Bd3
e4 {âñ¸ ýòî áûëî, áûëî... Çäåñü Þäèò íàäîëãî çàäóìàëàñü è âûäàëà «ðûáíóþ»
(òî åñòü âåäóùóþ ê íè÷üåé) íîâèíêó -} 18. Bxe4 $146 ({Ïîñëå} 18. Be3 {
«ðóáêà» áûëà ïðîäîëæåíà -} exd3 19. Qxd3 Qf6 20. Rf1 Qg6 21. Nf5 Bxf5 22.
Rxf5 Re8 23. Bd2 ({èëè} 23. Bxa7 Re1+ 24. Kf2 Rd1 $1 25. Rf8+ Kxf8 26. Qxd1
Bxb2 $13) 23... Bd4+ $1 24. Kf1 Re5 25. Rf3 Qxd3+ 26. Rxd3 Rf5+ 27. Ke1 {
À òåïåðü ñëåäèì âíèìàòåëüíî çà ñîîòíîøåíèåì ïåøå÷íîãî ìàòåðèàëà:} Bxb2 {
«-1» (ó áåëûõ).} 28. Rb3 Be5 29. Rxb7 {Ïîðîâíó.} Bxh2 {Âíîâü «-1».} 30.
Rxa7 {Îïÿòü - ðîâíî.} Bg3+ 31. Ke2 Rf2+ 32. Kd3 Rxg2 {È ñíîâà - «-1»} 33.
Ra8+ Kf7 34. a4 c5 35. Be3 Bd6 36. Ra7+ Ke6 37. Rxh7 {
Àíàëîãè÷íî! ;) Òî åñòü îïÿòü ðàâíîâåñèå.} c4+ 38. Kd4 Rg4+ 39. Kc3 Rg3 40. Kd2
Rg2+ 41. Kd1 Ke5 42. Rh4 Bb4 43. Bd4+ Kf5 44. c3 {(1/2 Cisler,P (2170) - Rybak,
M (2280)/Czechia 1998). Þäèò ïðåäïî÷èòàåò (è ýòî åé ÿâíî ê ëèöó!) òàêæå
ñäåëàòü íè÷üþ, íî ñäåëàòü å¸ êðàñèâî.}) 18... Bxd4+ 19. Be3 Bxe3+ $1 ({
Âåñüìà îïàñíî, è äàæå ÿ áû ñêàçàë «âåëüìè» , à òàêæå «ïîíåæå», èãðàòü} 
19... Qc5 20. Bxh7+ $1 ({êîíå÷íî æå, íå} 20. Bxd4 $4 Qxd4+ {
, è ìîæíî ñäàâàòüñÿ}) {
È ÷¸ðíûå â òÿãîñòíîì íåäîóìåíèè: «Êàê æå òóò íå ïðîèãðàòü?»} 20... Kh8 {
, òî åñòü, ïîõîæå, äàæå è íå îäèí ïóòü ê ïåðåâåñó. À èìåííî -} ({
Ñìîòðèì, îäíàêî ïî ïîðÿäêó:} 20... Kxh7 $4 21. Qd3+ Kg8 22. Bxd4 Qd6 23. Rf1
$18 {Ýòî-òî ïîíÿòíî...}) ({Åñëè æå} 20... Kg7 {, òî} 21. Bxd4+ Qxd4+ 22. Kh1
Kxh7 23. Qh5+ Kg7 24. Rf1 $18 {, à ïî÷åìó - áóäåò ïîêàçàíî íèæå.}) 21. Bd3 $1
({íî íå} 21. Qh5 $6 Bxe3+ 22. Kh1 {ââèäó} Bg4 $1 23. Qxg4 Kxh7 {
, è êàê ìèíèìóì, ÷¸ðíûå ïåðâûé íàòèñê îòáèëè}) ({
Åù¸ îäíî ïåðñïåêòèâíîå ïðîäîëæåíèå -} 21. Bxd4+ Qxd4+ 22. Kh1 Kxh7 $140 ({
íî áîëåå óïîðíîå ñîïðîòèâëåíèå ìîæíî îêàçàòü ïîñëå} 22... Bg4 23. Qe7 Qg7 24.
Qxg7+ Kxg7 25. Bd3 {è ò.ä.}) 23. Qh5+ Kg7 ({åñëè} 23... Kg8 {, òî õîòÿ áû} 24.
Qe8+ Kg7 25. Rf1 Kh6 26. h3 $3 Qg7 $140 27. Rf8 {è ò.ä.}) 24. Rf1 {
È ñîïåðíèê âûíóæäåí âåðíóòü ëèøíèé ìàòåðèàë îáðàòíî:} Be6 25. Qg5+ Kh7 26. Qe7+
{, ïîñëå ÷åãî ó áåëûõ ñòðàøåííàÿ àòàêà, íàïðèìåð,} Kh8 ({âïîëíå áåçíàä¸æíî è} 
26... Qg7 {
, ïîòîìó ÷òî çäåñü áåëûìè ôîðñèðóåòñÿ ïåðåõîä â âûèãðàííûé «ïåøå÷íèê»} 27.
Qxe6 Rf8 28. Rf5 $1 Rxf5 29. Qxf5+ Kg8 30. Qc8+ Kh7 31. Qh3+ Kg8 32. Qg3 {
è ò.ä.}) 27. Qxe6 Qxb2 $2 28. h4 $1 Qxc2 29. Rf7 $18) 21... Bxe3+ 22. Kh1 {
, è áåëûå õîòÿò... Ìíîãî îíè ÷åãî òóò õîòÿò, âñëåäñòâèå ÷åãî ó ÷¸ðíûõ
çàùèòà åäèíñòâåííàÿ -} d4 23. Qf3 $1 {(ñ èäååé Qf7)} Qe7 24. Qh5+ Kg8 (24... Kg7
25. Rf1) 25. Bc4+ Be6 26. Qg4+ Kh8 (26... Kf7 27. Rf1+ Ke8 28. Bxe6) 27. Bxe6 {
è ò.ä.}) 20. Qxe3 dxe4 21. Qg5+ Qg7 ({Èëè} 21... Kh8 22. Qe5+) 22. Qd8+ Qf8 ({
Íåò ñïàñåíèÿ îò «âå÷íîøàõîâàíèÿ» è ïîñëå} 22... Kf7 23. Qc7+ Kg6 24. Qg3+ $1
Kh6 25. Qh4+ Kg6 26. Qg3+ Kf7 27. Qc7+ $1 {è ò.ä.}) 23. Qg5+ Qg7 1/2-1/2

[Event "Corus Chess C 2008"]
[Site "Wijk aan Zee"]
[Date "2008.01.22"]
[Round "9"]
[White "Carlsson, Pontus"]
[Black "Braun, Arik"]
[Result "1-0"]
[WhiteElo "2501"]
[BlackElo "2536"]
[Annotator "Ëåáåäåâ Âàñèëèé"]
[PlyCount "61"]
[EventDate "2008.01.22"]

1. e4 e6 2. d4 d5 3. Nd2 c5 4. exd5 Qxd5 5. dxc5 {Äåáþòíàÿ õèòðîñòü, òàê
ñêàçàòü, íûðîê íà íå ñëèøêîì-òî ïðîòîðåííóþ òðîïèíêó, ïðèí¸ñ ñâîè ïëîäû.} ({
Ãëàâíàÿ òåîðèÿ òóò íà÷èíàåòñÿ ïîñëå} 5. Ngf3 {...}) 5... Nf6 {×¸ðíûå, ñëîâíî
«çàðàçèâøèñü» îò ñâîåãî ñîïåðíèêà ñâîðà÷èâàþò íà åù¸ áîëåå çàòåìí¸ííûå
àëëåè òåîðèè.} (5... Bxc5 $145) 6. Ngf3 Bxc5 7. Bc4 {
Òåìïàìè â äåáþòå «ðàçáðàñûâàòüñÿ» íå ñëåäóåò.} Qh5 8. Qe2 a6 $6 $146 {
Äóìàåòñÿ, ÷òî ýòîò õîä áû ñäåëàí ïåðâûé è ïîñëåäíèé ðàç.} (8... O-O $145) 9.
Nf1 $1 {Ìàìà äîðîãàÿ! Ñîöèàëèñòè÷åñêîå îòå÷åñòâî... òüôó òû, ÷¸ðíûé ôåðçü â
îïàñíîñòè!} Bd6 $2 {Íàìåðåâàÿñü íå ïóñòèòü âðàæåñêîãî êîíÿ íà g3.} ({
À âîò êàê ìîæåò ýòîò ñàìûé ôåðçü ïðîïàñòü íè çà ãðîø:} 9... O-O $4 10. Ng3 Qg4
11. h3 Qg6 12. Ne5) ({Íå î÷åíü ïîìîãàåò è «ëîãè÷íîå»} 9... b5 10. Ng3 Qg4
$1 11. Bb3 (11. h3 $4 Qxc4) 11... Nh5 ({âðîäå ñëàáåå} 11... Bb7 12. h3 Bxf3 13.
gxf3 Qg6 14. c3 $1 {
, è ôåðçü ÷¸ðíûõ ïî-ïðåæíåìó âåñüìà ïîäâåðæåí òóìàêàì ñî âñåõ ñòîðîí}) 12. a4
$5 b4 $140 13. Ne4 $36) 10. Bg5 h6 11. O-O-O $1 {
Íà÷èíàåì «ïèíàòü» ïðîòèâíèêà. È ïðåáîëüíî!} hxg5 ({«Èëè»} 11... Bc7 {
è ïîíåñëîñü:} 12. Ng3 Bxg3 13. hxg3 Qg4 14. Rh4 Qf5 15. g4 Qc5 16. Be3 Qe7 17.
g5 {Äà óæ...}) 12. Rxd6 g4 {
×¸ðíûì óæå íàäî ñìîòðåòü â îáà è ñ÷èòàòü, ñ÷èòàòü...} ({Èáî ïîñëå òàêîãî
ðàçûãðûâàíèÿ äåáþòà ïðîèãðàòü ìîæíî î÷åíü ëåãêî è âîñõèòèòåëüíî ïðîñòî:} 
12... O-O $2 13. Ng3 Qg6 $140 $2 (13... Qh6 $142 {, íî è çäåñü ïîñëå} 14. h4 $1
g4+ 15. Ng5 {÷¸ðíûì íå ïîçàâèäóåøü}) 14. Ne5 Qh6 15. Nxf7 $1 {ñ ðàçãðîìîì (}
Rxf7 ({èëè æå} 15... Kxf7 16. Rxe6 $1) 16. Rd8+ Kh7 17. Rxc8 Re7 18. Nf5 $1 $18
{)}) 13. Qd2 $1 Nc6 $6 {Ïîëå d8 ïðèêðûòî, íî ïîçèöèÿ ÿâíî íå óëó÷øèëàñü...} ({
«Ñðàçó» îòðèíåì} 13... gxf3 $4 14. Rd8+ Ke7 15. Qd6#) ({
À òåïåðü ïîïðîáóåì çàùèùàòüñÿ ïî ñåðü¸çíîìó -} 13... Ne4 $5 {«Âèëêà»!} 14.
Rd8+ Ke7 15. Rxh8 Qxh8 ({íî íå} 15... Nxd2 $4 16. Rxh5 Nxc4 17. N3d2 $18) 16.
Qb4+ $1 Ke8 17. Nd4 $1 $40 {È áûòü ìîæåò, ýòî âîâñå è íå ôàíòàçèè. Ê ïðèìåðó:}
Nxf2 18. Rg1 Qh6+ 19. Kb1 Nd7 (19... Bd7 $4 20. Qxb7) (19... Ra7 $4 20. Qc5)
20. Ng3 Qxh2 $140 $2 21. Re1 Qxg3 22. Nf5 $18 {
Â îáùåì, ñëåäóåò ïðèçíàòü, ÷òî ÷¸ðíûå òóò óæå «íàèãðàëè»...}) 14. Ng5 Bd7 (
{Åñëè} 14... O-O {, òî} 15. Ng3 Qh4 16. Bd3 $1 {ñ èäååé h2-h3, âñêðûâàÿ êî
âñåì ÷åðòÿì ëèíèè íà êîðîëåâñêîì ôëàíãå! À ýòî çíà÷èò, ÷òî ÷¸ðíûé êîðîëü
«çàäåðæèòñÿ» â öåíòðå. Ïðè÷¸ì, íàäîëãî...}) 15. Ng3 Qh6 {
Äîëæíî áûëî ïðèâåñòè ê ìãíîâåííîìó è ñîêðóøèòåëüíîìó ðàçãðîìó.} ({Åñëè} 15...
Qg6 {, òî} 16. h4 gxh3 $140 17. Bd3 $18) 16. Qe3 $5 {Ñáîé â àòàêå? Èëè ñêîðåå
âñåãî - ïðîñòî ÷åëîâå÷åñêîå ðåøåíèå. Áåëûå ÷óòîê îòîäâèãàþò âðåìÿ
äîáèâàíèÿ, åù¸ áîëüøå óëó÷øàÿ ïîëîæåíèå ñâîèõ ôèãóð.} ({À âåäü áåëûå ìîãëè
òóò ñûãðàòü ñóïåðìèíèàòþðó, è, ãëÿäèøü, ïîïàñòü â êîíäóèò ìàñòåðà Ìàöóêåâè÷à,
êàê èçâåñòíî,  ñîáèðàþùåãî ïîäîáíûå ïàðòèè-«êîðîòûøêè». Åñëè áû îíè òîëüêî
ñûãðàëè} 16. Nf5 $1 exf5 $140 ({èëè} 16... Qg6 17. Rxd7 $1 ({«íåïëîõî» è} 17.
Nxf7 $1) 17... Qxf5 $140 18. Rxf7 Rd8 19. Nxe6 $1 {è ò.ä.}) 17. Bxf7+ Kf8 ({èëè
} 17... Kd8 18. Be6 {, è äåëî - øâàõ:} Ne4 19. Nf7+ Ke8 20. Nxh6 Nxd2 21. Bxd7+
Ke7 22. Nxf5+) 18. Rxc6 $1 {
, è, êàê ÷åñòíûé áëàãîðîäíûé øàõìàòèñò, Àðèê Áðàóí äîëæåí áûë çäåñü ñäàòüñÿ.})
{Âïðî÷åì, è ïîñëå íå âïîëíå ÷¸òêîãî õîäà â òåêñòå ó ÷¸ðíûõ íåò íè ìàëåéøåãî
ïîâîäà äëÿ îïòèìèçìà.} 16... Ne7 17. h3 $1 Rc8 18. Bb3 {Èãðà â «êîøêè-ìûøêè»
ïðîäîëæàåòñÿ... Áåëûå âíîâü «ïîäâûïóñêàþò» ñâîåãî ïðîòèâíèêà.} (18. b3 $142
$1 b5 $140 (18... O-O $2 19. hxg4 Qg6 20. Bd3 $18) 19. Rdd1 $1 O-O (19... bxc4
20. hxg4 {, è ôåðçü ïîòåðÿí äëÿ îáùåñòâà}) 20. hxg4 Nxg4 21. Qf4 $18) 18... Qg6
19. c3 {Íàìåðåâàÿñü, âñ¸ æå äîâåñòè äî ëîãè÷åñêîãî êîíöà ñâîþ èäåþ ëîâëè
ñèëüíåéøåé âðàæåñêîé ôèãóðû.} Rh4 (19... Nf5 20. Nxf5 Qxf5 21. Rhd1 $16) 20.
Rhd1 {«Íèêàêèõ êîìáèíàöèé! Èãðàåì ïîçèöèîííî!», - òàê, íàâåðíîå, ðåøèëè ïðî
ñåáÿ áåëûå...} ({Âïîëíå íà óðîâíå áûëî è} 20. Nxe6 $1) 20... Qh6 ({Òóò óæ ñàìà
Êàèññà âåëåëà «íàáðîñàòü» êðàñèâûõ, æåðòâåííûõ âàðèàíòèêîâ, íàïðèìåð, òàêîé:
} 20... b5 $2 21. Nxf7 $1 Kxf7 ({èëè} 21... Qxf7 22. Rxd7 Nxd7 23. Bxe6 $18)
22. Rxe6 $1 $18) 21. hxg4 Rxg4 22. f4 Qh4 ({Åñëè} 22... Qh2 {, òî ïðåäëàãàåòñÿ}
23. Rxd7 $1 Qxg3 $140 ({åñëè} 23... Nxd7 {, òî} 24. Bxe6 $1 {ñ ðàçãðîìîì}) 24.
Qxg3 Rxg3 25. Rxb7 g6 ({èëè} 25... Rxg2 26. Rh1 $18) 26. Re1 $1 {È íà} Rxg2 {
ïîñëåäóåò} 27. Nxf7 $1 $18 {Òî åñòü:} Kxf7 (27... Nfd5 28. Nd6+) 28. Rxe6 {
, è âñ¸...}) 23. N3e4 Nxe4 24. Nxe4 {È âíîâü ñûãðàííî ïîçèöèîííî.} (24. Rxd7 $1
Nxg5 $140 25. Qb6 $18) 24... Bc6 25. Qd2 (25. Qb6 $5) ({
À áîëüøå âñå ìíå ïîíðàâèëñÿ ñëåäóþùèé âàðèàíò:} 25. g3 $5 Qh5 26. Qb6 Kf8 (
26... Nd5 27. Bxd5 Bxd5 28. R6xd5) 27. Rd8+ Be8 28. Nd6) (25. Rxe6 $5) 25...
Nf5 26. Rxc6 $1 {Äàëüíåéøèå õîäû ÷¸ðíûå âïîëíå ìîãëè áû è íå äåëàòü.} Rxc6 27.
Qd7+ Kf8 28. Ng5 Nd6 29. Rxd6 Qe1+ 30. Rd1 Qe3+ 31. Kb1 1-0